000 00450nam a2200145 i 4500
001 82459
003 ES-MaACL
005 20230906174657.0
007 t|
008 041110s1965 sp ||||1| spa d
245 0 0 _aInforme sobre la campaña de alfabetización y educación popular de adultos en Venezuela.
260 _aMadrid :
_bOficina de Educación Iberoamericana,
_c1965.
300 _a16 p. ;
_c22 cm.
852 _aES-MaACL
_j2061-F-21
_bR.67056
999 _c82459
_d82459